000 00303nam a22001337a 4500
008 170510b xxu||||| |||| 00| 0 eng d
020 _a9780314261717
041 _aeng
080 _a34
100 _a15
101 _aSHJ
245 _aFEDERAL RULES CIVI PROCEDURES
_cMCKEE.S.B
942 _2udc
_cBK
999 _c13043
_d13043